Textbook Of Engineering Mathematics (Record no. 343380)

MARC details
000 -LEADER
fixed length control field 00498nam a2200181Ia 4500
008 - FIXED-LENGTH DATA ELEMENTS--GENERAL INFORMATION
fixed length control field 230718s9999 xx 000 0 und d
020 ## - INTERNATIONAL STANDARD BOOK NUMBER
International Standard Book Number 9788131808320
041 ## - LANGUAGE CODE
Language code of text/sound track or separate title eng
082 ## - DEWEY DECIMAL CLASSIFICATION NUMBER
Classification number 510
Item number BAL
100 ## - MAIN ENTRY--PERSONAL NAME
Personal name Bali N.P.
245 ## - TITLE STATEMENT
Title Textbook Of Engineering Mathematics
250 ## - EDITION STATEMENT
Edition statement 9th ed.
260 ## - PUBLICATION, DISTRIBUTION, ETC. (IMPRINT)
Date of publication, distribution, etc. 2016
Name of publisher, distributor, etc. Laxmi Publications
300 ## - PHYSICAL DESCRIPTION
Extent 1530
Accompanying material [OBSOLETE, CAN/MARC] Ref 436 G (54099)
365 ## - TRADE PRICE
Currency code Rs.
Price amount 1150.00
700 ## - ADDED ENTRY--PERSONAL NAME
Personal name Bali N.P. & Goyal M.
906 ## - LOCAL DATA ELEMENT F, LDF (RLIN)
d O:0359703-Oct-2016B:312204-Aug-2016
c BSH
b 1150
Holdings
Withdrawn status Lost status Damaged status Not for loan Home library Current library Date acquired Vendor Budget Code Cost, normal purchase price Bill number Total Checkouts Full call number Barcode Date last seen Date last checked out Discount Cost, replacement price Bill Date Koha item type Original Barcode
        Cummins College of Engineering for Women Pune Cummins College of Engineering for Women Pune 04/10/2016 Vaibhav Book House BSH 920.00 3122 1 510 CCEP-BK-54587 31/12/2024 31/12/2024 1150 1150.00 04/08/2016 Books 054587